[Event "EU-ch 12th"]
[Site "Aix les Bains"]
[Date "2011.03.24"]
[Round "3"]
[White "Hammer, Jon Ludvig"]
[Black "Bok, Benjamin"]
[Result "1/2-1/2"]
[WhiteElo "2606"]
[BlackElo "2463"]
[Annotator "Marchand,A/Primel,D"]
[PlyCount "52"]
[EventDate "2011.03.22"]
[EventType "swiss"]
[EventRounds "11"]
[EventCountry "FRA"]
[SourceTitle "CBM 142 Extra"]
[Source "ChessBase"]
[SourceDate "2011.06.27"]
[SourceVersion "1"]
[SourceVersionDate "2011.06.27"]
[SourceQuality "1"]
[TimeControl "40/5400+30:1800+30"]

1. Nf3 Nf6 2. c4 g6 3. Nc3 d5 4. cxd5 Nxd5 5. h4 $5 {Une ligne secondaire
agressive devenue assez populaire récemment et relativement inexplorée par la
théorie} (5. Qa4+ Bd7 6. Qh4) (5. e4 Nxc3 6. dxc3 Qxd1+ 7. Kxd1 f6 8. Be3) (5.
Qb3 Nb6 6. d4 Bg7) (5. Qc2 Nc6 6. d4 Ndb4 7. Qa4 Bd7 8. Qd1 $8 e5 9. dxe5 Bf5 {
[%csl Re1][%cal Gb4c2]} 10. Bg5 Be7 11. e4 Bg4 12. Bxe7 Qxe7 13. a3 Bxf3 14.
gxf3 Rd8 {Vorobiov,E (2574)-Sutovsky,E (2700) FIDE World Cup 2011 (1.1) 1/2})
5... Nf6 $5 {[%csl Gh5] Les Blancs décident de surcontrôler la case sensible
"h5" mais le N a déjà joué 03 fois en 05 coups. Malgré la perte de temps,
c'est probablement une suite plus solide que le coup Bg7 joué par le
néerlandais deux mois plus tôt.} (5... h6 6. e4 Nxc3 7. bxc3 (7. dxc3 Qxd1+ 8.
Kxd1 Bg4 9. Kc2 Nd7 {Eljanov,P (2716)-Sutovsky,E (2675) Richard Riordan Blitz
2009 (10) 1-0}) 7... Bg7 8. d4 c5 9. Rb1 O-O 10. Be2 Nd7 11. O-O e5 12. h5 exd4
13. hxg6 (13. cxd4) 13... fxg6 14. cxd4 cxd4 15. Nxd4 Nc5 16. Be3 (16. Bc4+ Kh8
17. Bd5 $14) 16... Nxe4 {Ribli,Z (2580)-Smejkal,J (2565) Novi Sad 1982 1/2}) (
5... Bg7 $6 6. h5 $1 Nc6 (6... Nxc3 7. bxc3 c5 8. Qa4+ (8. d4) (8. e4 Nc6 9.
Rb1 $14 {Tosic,M (2517)-Atalik,S (2593) YUG Cup Herceg Novi 1999 0-1})) (6...
O-O $6 7. hxg6 (7. Qb3 $146 Nxc3 $6 (7... Nb6 $1 8. hxg6 (8. Ng5 e5 9. d3 c5
10. hxg6 hxg6 11. Be3 (11. Nh7 Be6 (11... Re8 12. Bg5) 12. Qb5 Nc6 13. Qxc5 Re8
14. Bd2 (14. Bg5) 14... Qd4) 11... Nc6) 8... hxg6 9. Ng5 (9. d4 Be6 $132) (9.
Qb4 {[%cal Gb4h4]} e5) 9... c5 10. e3 (10. a4 {[%cal Ga4a5]} c4) 10... Nc6 11.
Nxf7) 8. dxc3 $1 {[%csl Rf7][%cal Ge2e4,Gf1c4,Gf3g5,Gh5g6,Gc1h6,Ga1d1]} c5 (
8... Nc6 9. hxg6 hxg6) 9. hxg6 hxg6 10. Qc4 {[%cal Gc4c5,Gc4h4]}) 7... hxg6 8.
Qa4 $36 {Sumets,A (2440)-Moldovanenko,V (2346) Odessa-ch 2001 (11) 1-0}) 7. g3
(7. d4 Bg4 8. h6 Bf6 9. e4 $6 {Naiditsch,A (2712)-Volokitin,A (2695) San
Sebastian KO GpA 2011 (4) 0-1} (9. e3 O-O 10. Be2 Nxc3 11. bxc3 Na5 12. Nd2 {
Nepomniachtchi,I (2718)-Rodshtein,M (2641) EU-Cup 27th Rogaska Slatina 2011 (5)
1/2} (12. e4 Bxf3 13. Bxf3 e5 $11 {[%cal Ga5c4]}))) 7... Bg4 8. h6 Bxc3 (8...
Bf6 9. e4) 9. dxc3 (9. bxc3 Bxf3 10. exf3 Qd6 11. Be2 O-O-O 12. Qb3 f5 13. a4
e5 14. a5 e4 15. f4 Nf6 ({RR} 15... a6) 16. O-O Ng4 17. Ba3 Qxd2 18. a6 Na5 19.
axb7+ Kb8 20. Qb5 e3 21. Bc5 exf2+ 22. Rxf2) 9... Qd7 10. Bg2 f6 11. Ne5 Nxe5
12. Qxd5 Qxd5 13. Bxd5 O-O-O 14. Bb3 Bd7 15. Bf4 Bc6 16. f3 Bd5 17. Bxe5 fxe5
18. Rh4 Rhf8 19. Kf2 Rf6 20. Ke3 Rfd6 21. Bxd5 Rxd5 22. Re4 a5 23. c4 Rc5 {
Ivanisevic,I (2630)-Bok,B (2453)/Wijk aan Zee 2011/CBM 141/1-0 (45)}) (5... h5
{[%csl Gg5]}) 6. d4 Bg7 7. e4 {[%csl Gd4,Ge4]} O-O 8. Bc4 $6 $146 {Les Noirs
vont utiliser le même thème tactique que dans la partie de Moscou 2003 mais la
différence importante est le fait que le P"b" attaque le Bc4 et les Blancs
n'ont donc plus l'option de jouer e4e5} (8. Be2 $142 c5 9. d5 b5 $13 10. e5 {
Zvjaginsev,V (2671)-Najer,E (2585) Moscow Aeroflot op-A 2003 (5) 1/2}) (8. Bg5)
(8. h5 $5 $146 {Risqué mais les Blancs ont des compensations acceptables pour
le P} Nxh5 9. Be3 Bg4 10. Qb3 (10. Qd2 Nc6 11. d5 Bxf3 12. gxf3 Ne5 13. Be2 c6
(13... f5 14. f4 Ng4 15. Bxg4 fxg4 16. O-O-O (16. e5) 16... c6 17. Qe2 $13) 14.
f4 $44 {[%cal Ge2h5]}) (10. Be2 c5 {[%cal Gg7c3,Gd8d1]}) 10... Nc6 11. d5 (11.
O-O-O) 11... Na5 12. Qa3 c6 13. Rd1 (13. O-O-O)) 8... c5 (8... Bg4 {[%csl Rd4]
[%cal Gg4d1] Un coup candidat comme les Blancs n'ont pas joué Be2} 9. Be3 Nc6)
9. d5 $6 (9. dxc5 $5 Qxd1+ 10. Kxd1 Nc6 (10... Bg4 11. Kc2) (10... Nbd7 11. Be3
(11. c6) 11... Ng4 12. Ke2 Nxe3 13. Kxe3 Nxc5 14. Rac1 (14. h5 Bxc3) 14... Bh6+
15. Ng5 $13) 11. Be3 Bg4 12. Kc2) (9. Bg5 $5 $32 cxd4 10. Qxd4 Nc6 (10... Qxd4
11. Nxd4 Nxe4 12. Nxe4 Bxd4 13. O-O-O Nc6 14. Bd5 (14. h5 Bf5) 14... e5 15. h5
$36 {[%csl Rg8,Gh1][%cal Gg5f6]}) 11. Qxd8 Rxd8 12. O-O Bg4 $11) (9. h5 $5 {
Un sacrifice tentant après le oo des Noirs et les Blancs ont des bonnes
compensations.} cxd4 (9... Nxh5 10. dxc5 Qxd1+ 11. Nxd1 Nd7 12. Be3 Nhf6 13.
Nc3 $14 {[%csl Ra8,Rc8][%cal Ge1c1] Les Noirs ont un peu de mal а terminer le
développement de l'aile-dame}) 10. hxg6 hxg6 11. Qxd4 Qxd4 12. Nxd4 Nxe4 13.
Nxe4 Bxd4 14. Bh6 Rd8 15. Ng5 e6 16. O-O-O $32) 9... b5 $1 $132 {[%csl Rc4,Re1,
Re4]} 10. Nxb5 (10. Bxb5 Nxe4) 10... Nxe4 11. O-O (11. h5 $5 {Plus risqué mais
semble également davantage dans l'esprit de la variante h4} Bg4 (11... Bf5) 12.
hxg6 hxg6 13. Qe2 {[%cal Ge2e4]} Qa5+ (13... Nd6 14. Bg5 Nxc4 15. Qxc4 {
[%cal Gc4g4]} Qd7 16. O-O-O $36) 14. Kf1 Nd6 15. Nxd6 exd6 16. Bf4 Nd7 17. Bxd6
Rfe8 18. Be7 $1 {[%cal Gd5d6]}) 11... a6 12. Nc3 Nxc3 13. bxc3 Bg4 $1 {[%csl
Rc3,Rh4][%cal Gg4d1] Après le roque Blanc, il est difficile de justifer le
coup h2h4} 14. Bg5 {[%csl Re7][%cal Gf1e1]} h6 (14... Bxc3) 15. Be3 Nd7 16. Be2
Nb6 17. c4 Bxf3 (17... Bxa1 $6 18. Qxa1 $44 {[%csl Rg7,Rg8][%cal Ge3h6]}) 18.
gxf3 {[%csl Rc4,Rf3,Rh4] La partie commence а mal tourner pour les Blancs qui
doivent maintenant se battre pour la nulle} Qd6 (18... Bxa1 {Il était
peut-être possible а ce moment de prendre la qualité} 19. Qxa1 Kh7 20. Bxc5
Nxc4 21. Bxc4 Qc7 (21... Rc8) 22. Qd4 Rfc8 23. Bxe7 Qxc4) 19. Rb1 Qf6 20. Bxc5
Qxh4 21. Bxb6 Be5 22. f4 Qxf4 23. Kg2 Qh2+ 24. Kf3 Qf4+ 25. Kg2 Qh2+ 26. Kf3
Qf4+ 1/2-1/2

[Event "EU-ch 12th"]
[Site "Aix les Bains"]
[Date "2011.03.22"]
[Round "1"]
[White "Sermier, Guillaume"]
[Black "Nepomniachtchi, Ian"]
[Result "0-1"]
[WhiteElo "2428"]
[BlackElo "2729"]
[Annotator "Marchand,A/Primel,D"]
[PlyCount "82"]
[EventDate "2011.03.22"]
[EventType "swiss"]
[EventRounds "11"]
[EventCountry "FRA"]
[SourceTitle "CBM 142 Extra"]
[Source "ChessBase"]
[SourceDate "2011.06.27"]
[SourceVersion "1"]
[SourceVersionDate "2011.06.27"]
[SourceQuality "1"]
[TimeControl "40/5400+30:1800+30"]

1. Nf3 Nf6 2. c4 g6 3. Nc3 d5 4. cxd5 Nxd5 5. e4 (5. Qa4+ Bd7 6. Qh4 Bc6 7. Qd4
f6 8. e3 Bg7 9. Be2 e5 10. Qc4 Nb6 11. Qe6+ Qe7 12. Qxe7+ Kxe7 13. b4 a6 14. a4
Rd8 15. Bb2 Nd5 16. Ba3 b5 {Vaganian,R (2595)-Yandemirov,V (2325) URS-chT
Nabereznye Chelny 1988 1-0} (16... Nxc3 $6 17. b5+ Ke8 18. bxc6 Nxe2 19. cxb7
Ra7 20. Kxe2 Rxb7 21. Rab1 $14 {Yanderimov})) 5... Nxc3 6. dxc3 {Une ligne
solide qui a rapporté beaucoup au point au GMI ANDERSSON dans les années 70-80}
Qxd1+ 7. Kxd1 f6 $1 (7... Bg7 $143 {Le coup naturel est imprécis} 8. Bf4 $1 {
[%csl Rc7]} c6 9. Kc2 $14) (7... Nd7 8. Bf4 c6 9. a4 f6 (9... Bg7 $143 10. Bc4
O-O $6 (10... Nc5 $142 {Mednis}))) 8. Be3 (8. Bc4 e5 9. Be3) (8. h4 $5 h5 (8...
Bg4) 9. e5 Nc6 10. Bd3 Kf7 {Vera Gonzalez Quevedo,R (2495)-Arencibia Rodriguez,
W (2535) Capablanca Memorial-B 1992 (5) 1/2}) (8. Nd4 $143 e5 9. Nb5 Na6 10.
Be3 Be6 11. b4 c6 $11) 8... e5 9. Nd2 {Un thème courant dans cette variante}
Nd7 $1 {[%cal Gf8c5] Le plus précis car si les Noirs peuvent échanger le Bf8,
ils n'auront plus aucun problème} (9... Be6 10. Bc4 Bxc4 11. Nxc4 Nd7 12. b4 {
[%csl Gc5]} Nb6 13. Na5 O-O-O+ 14. Kc2 Be7 (14... h5 $1 {[%cal Gf8h6]} 15. Rad1
Rxd1 16. Rxd1 Bh6 $132) 15. a3) (9... a5) 10. Kc2 Bc5 $11 11. Bxc5 Nxc5 12. f3
(12. b4) 12... a5 13. Nc4 $146 ({RR} 13. Bc4 Be6 14. Bxe6 Nxe6 15. a4 {1/2-1/2
Sharavdorj,D (2411)-Mikhalevski,V (2548)/Burbank 2003/CBM 097 ext}) 13... Ke7 (
13... Be6) 14. Ne3 c6 15. h4 h5 (15... a4 16. h5) (15... b5) 16. g3 Bd7 (16...
Be6) (16... Rd8 {Gagne un tempo si les Blancs jouent Bh3} 17. Bh3 Bxh3 18. Rxh3
Rd3 $32 {[%csl Rh3][%cal Ga8d8]}) 17. Bh3 Be8 (17... Bxh3 18. Rxh3 Rhd8 $11)
18. Rhd1 Bf7 19. b3 Ra7 20. Kb2 $6 (20. Rd2 $142 {Evite de perdre un tempo sur
la poussée a4a3} a4 21. b4 {[%cal Ga1d1]} Ne6 22. Rad1) 20... b5 21. Rac1 a4
22. b4 a3+ $1 {[%cal Gc5a4]} 23. Kb1 (23. Kc2) 23... Na4 24. Rd3 Nb2 25. Rd2
Rd8 26. Rxd8 Kxd8 27. Rc2 Ke7 28. Rd2 Na4 $36 {[%csl Rc3]} 29. Rd3 c5 30. bxc5
Nxc5 31. Nd5+ Bxd5 32. Rxd5 Na4 33. Kc2 Rc7 34. Rxb5 $2 $138 Rxc3+ {Les Noirs
avaient plus d'une heure d'avance а la pendule!} 35. Kb1 Rxf3 36. Rb7+ Kd6 37.
Rb3 Rxb3+ 38. axb3 Nc3+ 39. Ka1 Nxe4 40. g4 hxg4 41. Bxg4 f5 0-1

[Event "World-ch Tournament"]
[Site "Mexico City"]
[Date "2007.09.25"]
[Round "11"]
[White "Gelfand, Boris"]
[Black "Svidler, Peter"]
[Result "1/2-1/2"]
[WhiteElo "2733"]
[BlackElo "2735"]
[Annotator "Marin,M"]
[PlyCount "43"]
[EventDate "2007.09.13"]
[EventType "tourn"]
[EventRounds "14"]
[EventCountry "MEX"]
[EventCategory "21"]
[SourceTitle "CBM 120"]
[Source "ChessBase"]
[SourceDate "2007.10.02"]
[SourceVersion "1"]
[SourceVersionDate "2007.10.02"]
[SourceQuality "1"]

1. Nf3 Nf6 2. c4 g6 3. Nc3 d5 {Actually, I started becoming afraid that
Svidler will not play the Grünfeld at all in Mexico, especially since there
was nothing to complain about with his results in the Slav. Para decir verdad,
empezaba a temer que Svidler noiba a jugar la Grünfeld en México.
Especialmente que no se puede quejar de los resultados obtenidos con la Eslava.
..} 4. cxd5 ({For decades, Gelfand has been one of the great (if not just the
greatest) specialists of the Rb1 system. However, in Dortmund 2006 Svidler
employed a quiet positional line against him and achieved an excellent
position. In Moscow 2006, Gelfand managed to defeat Svidler with this
Anti-Grünfeld move order, only that he delivered the check one move earlier
with Durante largos años, Gelfand ha sido uno de los mas grandes (si no el
masgrande) especialistas dela variante Tb1. Sin embargo, en Dortmund 2006
Svidler empleó contra él una línea tranquíla y obtuva una excelente posición.
En moscú 2006 Gelfand le ganó al mismo contrincante con este orden de jugadas
Anti-Grünfeld, pero dando el jaque una jugada antes con} 4. Qa4+) 4... Nxd5 5.
Qa4+ Bd7 6. Qb3 Nb6 7. d4 Bg7 8. Bf4 Be6 {Finally, we have transposed to a
genuine Grünfeld, true, a rare variation: 1.d4 Nf6 2.c4 g6 3.Nc3 d5 4.Nf3 Bg7
5.cxd5 Nxd5 6.Qb3 Nb6 7.Bf4 Be6. In the GI, Black has an important alternative
in 6...Nxc3, which gives meaning to Gelfand's move order.} 9. Qa3 ({The main
alternative is} 9. Qc2 Nc6 10. Rd1 {This move was employed in a recent game.} (
{You can find a survey of this variation in the notes to} 10. e3 {Kholmov,R 
(2540)-Hort,V (2600)/Moscow 1975/MCL/[Gagarin] (1-0, 61), where Black was OK
after the opening.}) 10... Nb4 11. Qb1 N4d5 (11... O-O 12. e4 Bg4 13. a3 Nc6
14. d5 Bxf3 15. gxf3 Nd4 16. Bg2 e5 $10 {Gipslis/}) 12. Nxd5 Qxd5 {An
interesting way to activate Black'splay.} (12... Nxd5 13. Be5 $1 (13. Bg3 c5 $5
$132)) 13. e4 Qxa2 14. d5 Qxb1 15. Rxb1 Bd7 16. Bxc7 O-O 17. Bd3 f5 $132 {
Berkes,F (2511)-Lupulescu,C (2476)/Balatonlelle 2002/CBM 088 ext (0-1, 48)})
9... O-O 10. e4 $146 ({Against the more restrained} 10. e3 {, Black has
generally faced problems with obtaining adequate counterplay, at least in more
recent games.} {But maybe best is} N8d7 {, as played more than half a century
ago:} (10... Nd5 11. Nxd5 Bxd5 12. Be2 Nd7 13. O-O c6 14. Bg3 Nf6 15. Be5 Ne4
16. Bxg7 Kxg7 17. Rfd1 h5 18. Ne5 Qd6 $14 {Wang Yue (2626)-Areshchenko,A (2641)
/Lausanne 2006/CBM 115 (1/2-1/2, 45). Simplifications have made White's space
advantage less significant, but Black has not quite equalized completely.}) (
10... a5 11. Be2 c6 (11... Nc4 12. Bxc4 Bxc4 {is far from one-sided now,
because of} 13. Qc5 Ba6 14. Bxc7) 12. O-O N8d7 13. Rfd1 Nc4 14. Bxc4 Bxc4 15.
b3 Bd5 16. Nxd5 cxd5 17. Rac1 $16 {Granda Zuniga,J (2612)-Mikhalevski,V (2590)/
La Laguna 2007/CBM 117 ext (1-0, 60). and Black has problems with defending
his queenside. His bishop is very passive.}) ({Black could probably play as in
the game:} 10... c6 11. Rd1 Nc4) 11. Ng5 $6 (11. Rd1 a5 12. Be2 Nc4 13. Bxc4
Bxc4 {[%csl Ge1]}) 11... Bc4 12. Bxc4 Nxc4 13. Qb3 e5 14. Qxc4 Nb6 15. Qb3 exf4
$36 {Kottnauer,C-Richter,E/Chocen 1942/EXT 2001 (0-1, 60)}) 10... c6 {We have
a typical Grünfeld position. White has built up a formidable centre, but is
slightly underdeveloped and his queen is far from optimally placed. En
realidad, esto se parece mucho a una Grünfeld normal. Las blancas tienen un
centro impresionante de peones,pero están algo retrasadas con su desarrollo y
tienen la dama malamente colocada.} 11. Rd1 Nc4 12. Bxc4 (12. Qb4 b5 $1 {
[%csl Gb4]}) 12... Bxc4 {From a strategic point of view, this exchange should
favour White, because Black will not have sufficient forces to sustain the
thematic breaks ...c5 or ...e5. However, the fact that the king cannot castle
easily maintains the balance. desde unpunto de vista estratégico, este cambío
favorece a las blancas, porque las negras ya no disponen de fuerzas
suficientes para realizar na de las rupturas típicas ...c5 o ...e5. Sin
embargo, el hecho de que el rey no puede enrocarse facilmente mantiene la
posición aproximadamente iguala.} 13. Ne5 Ba6 14. Be3 {This looks like a
signal to retreat.} (14. f3 $5 {[%cal Ye1f2,Yh1e1,Yf2g1] , intending to castle
artificially, deserves some attention.} Qd6 (14... Nd7 $2 15. Nxc6 $1 $16) (
14... Qb6 $6 15. Na4 Qb5 16. Rd2 {and Black's pieces are awkwardly placed.
White can choose between Nc5 and Nc3, while the developing move...Nd7 is not
possible yet.}) 15. Qxd6 $1 (15. Qb3 Nd7 {offers Black strong counterplay.
After} 16. Nd3 {, among others, he can sacrifice his quen with} Qxd4 17. Ne5
Qxd1+ 18. Kxd1 Nxe5 $44) 15... exd6 16. Ng4 f5 (16... Rd8 17. Kf2 $14) 17. exf5
gxf5 18. Ne3 $14 {White retains some strategic advantage.}) 14... Qd6 15. f4 ({
Now, after} 15. Qxd6 exd6 16. Nd3 {, there is no pressure on d6, allowing
Black develop easily.} Nd7 17. O-O Rfe8 $11) 15... Qxa3 16. bxa3 f6 17. Nf3 Nd7
18. d5 Nb6 19. dxc6 bxc6 20. Nd4 Rfc8 21. Ne6 Bh6 22. Kf2 {Black has a
comfortable position. His structure is better, while the e6-knight is not too
stable. Las negras tiene una c´modoa posicion. Su estructura es mejor mientras
que el caballo enemigo no es demasiado estable en e6.} 1/2-1/2

[Event "EU-ch 9th"]
[Site "Plovdiv"]
[Date "2008.04.24"]
[Round "4"]
[White "Marin, Mihail"]
[Black "Ris, Robert"]
[Result "1-0"]
[WhiteElo "2556"]
[BlackElo "2395"]
[Annotator "Marin,M"]
[PlyCount "79"]
[EventDate "2008.04.21"]
[EventType "swiss"]
[EventRounds "11"]
[EventCountry "BUL"]
[SourceTitle "CBM 124"]
[Source "ChessBase"]
[SourceDate "2008.05.28"]
[SourceVersion "1"]
[SourceVersionDate "2008.05.28"]
[SourceQuality "1"]

1. c4 Nf6 2. Nc3 d5 3. cxd5 Nxd5 4. g3 g6 5. Bg2 Nb6 6. d3 Bg7 7. Be3 Nc6 8.
Rc1 {A useful half-waiting move. White maintains the positional threat Bxc6 in
reserve.} Nd4 {This is considered to be best, but we shall see that the knight
will eventually jump around a bit too much before Black has completed his
development..} (8... O-O 9. Bxc6 bxc6 10. Qd2 {threatens to exchange the
dark-squared bishops, which would leave Black with chronic weaknesses and... a
king in danger.}) 9. Qd2 c6 {This "neutral" move does not allow to Black solve
his opening problems. Although it restricts the g2-bishop, it fails to put
pressure on the centre and allows the exchange of the dark-squared bishops.} (
9... O-O {has similar drawbacks.} 10. Bh6 e5 11. h4 f5 12. Nf3 c6 13. Bxg7
Nxf3+ 14. Bxf3 Kxg7 15. b4 $14 {Graf,A (2620)-Figura,A (2416)/Dresden 2007/CBM
118 (1-0, 42)}) ({The critical continuation is} 9... Nf5 {, but I believe that
White preserves the better chances.} 10. Bc5 {Switching to another favourable
diagonal.} O-O 11. Nf3 ({White should not delay his development. After} 11. e3
Nd7 12. Ba3 Ne5 13. Rd1 Rb8 14. Nf3 Nxf3+ 15. Bxf3 b6 16. O-O c5 17. b4 cxb4
18. Bxb4 a5 19. Ba3 b5 20. Bb2 b4 $132 {Grigorian,K-Gulko,B/Soviet Union 1974/
EXT 2001 (1/2-1/2, 45). Black's position is entirely viable.}) 11... c6 12. O-O
Re8 13. Qc2 {The queen was not placed well on d2 already. It deprived the
knight from an important square and it may get under an attack with ...Nc4 or .
..Bh6.} (13. e3 e5 14. Ba3 Be6 15. b3 Nd6 16. Rfd1 a5 {and now he played} 17.
Qc2 {anyway.} a4 $6 18. bxa4 $1 f5 $6 19. e4 $16 {Bischoff,K (2555)-Houhou,O 
(2247)/Bad Zwesten 2006/CBM 110 ext (1-0, 30)}) 13... Nd7 (13... e5 14. e4 $5
Nd6 15. Rfd1 {[%cal Gd3d4]} Bg4 16. h3 Bxf3 17. Bxf3 $14) 14. Ba3 Ne5 (14... e5
15. e4 Nd4 16. Nxd4 exd4 17. Ne2 $14) 15. Nxe5 Bxe5 16. e3 Bg7 17. d4 Be6 18.
b3 h5 19. Rfd1 $14 {Vilela,J (2460)-Pribyl,J (2420)/Trnava 1979/EXT 98 (1/2-1/
2, 27). Despite the exchange of one pair of knights, White maintains his
advantage of space.}) 10. Bh6 O-O 11. Bxg7 Kxg7 12. e3 $14 Nf5 $146 {A new
move, which does not change the assessment of the position.} (12... Ne6 13. Nf3
Nc7 14. O-O Bf5 15. d4 Ncd5 16. Rfe1 Nxc3 17. Qxc3 {[%cal Ge3e4]} Be4 18. d5+
$1 Kg8 19. dxc6 Bxc6 20. Red1 $16 {Schandorff,L (2520)-Holmsten,A (2383)/
Reykjavik 2000/CBM 079 (1-0, 48). In this symmetrical position, White's big
advance in development offers him considerable advantage.}) 13. Nf3 {Nothing
can prevent White from occupying the centre. Besides, the absence of the
g7-bishop makes it quite difficult for Black to launch his Grünfeld-like
counterplay.} f6 {[%cal Ge7e5]} 14. d4 h5 (14... e5 15. dxe5 Qxd2+ 16. Nxd2 (
16. Kxd2 $6 fxe5 17. Nxe5 $6 Nxg3 $1) 16... fxe5 17. Nf3 Re8 18. O-O $14) 15.
h4 {Not the only adequate reaction to Black's "attack.} (15. e4 $5 Nd6 16. b3
$14) (15. h3 $5 $14) 15... Nh6 ({While my opponent was thinking I became
worried about} 15... Nc4 {until I found} 16. Qd3 $1 $14 (16. Qe2 Ncxe3 17. fxe3
Nxg3 18. Qf2 Nxh1 19. Bxh1 Bg4 $13) 16... Nxb2 $2 17. Qe2 Qb6 18. Rb1 $18) 16.
O-O Bg4 17. Qc2 Nf7 (17... Qc8 18. Ne2 $14) 18. Ne2 e5 {Black eventually
managed to question White's superiority in the centre, but his king will be
exposed now.} 19. dxe5 Bxf3 $2 (19... Nxe5 20. Nf4 $1 (20. Nxe5 fxe5 $13 {
[%cal Gg4d1]}) 20... Qe8 21. Nd4 $14) 20. Bxf3 $2 ({For some reasons, I
hesitated a bit before re-capturing on f3, which makes me believe that
somewhere deep inside a bell was ringing and calling for} 20. Nf4 $1 $18 {
, which I failed to see at a conscious level, though.}) 20... Nxe5 21. Be4 f5
$6 {[%csl Gf4,Gg5] The kingside weaknesses become chronic now.} (21... Qe7 22.
Nf4 Qf7 23. Rfd1 $14) 22. Nf4 Qf6 23. Bg2 Rad8 24. Rcd1 ({After having lost
two games in a row, I was not 100% sure about myself and preferred to keep a
rook close to the king, although intuitively I would have chosen} 24. Rfd1 $5 {
A possible difference can be seen after} Kh6 25. Rd4 Ng4 26. Qd2 $14 {when the
c4-square is over-defended.}) 24... Kh6 {Aiming to trade all rooks, which was
impossible before because of the fork on e6.} 25. Rd4 Rxd4 $6 {Making it
easier for White.} (25... Ng4 26. Re1 $5 {Now, it does not matter anymore
which rook has been played on d1.} ({In fact,} 26. Qd2 Nc4 27. Qb4 {may be
playable, too.}) 26... Rfe8 27. Rxd8 Rxd8 (27... Qxd8 28. Rd1 Qe7 29. Qd2) 28.
e4 $16) 26. exd4 Ng4 27. Re1 $40 {Black cannot hold the position now.} Qf7 (
27... Rd8 28. d5 $1) (27... Qxd4 28. Ne6 Qb4 29. Qc1+ $1 $18) 28. Qd2 (28. Qc1
Qc4 29. Qd2) 28... Re8 29. Ne6+ (29. Nxh5+ $16) 29... f4 30. Nxf4 Rxe1+ (30...
Nc4 31. Qc1 Rxe1+ 32. Qxe1 Nxb2 33. f3 Nf6 34. Ne6 $18) 31. Qxe1 Nd5 (31...
Qxa2 32. Qe8 Qb1+ 33. Bf1 Kg7 34. Qe7+ Kg8 35. Ne6 $18) 32. Bxd5 cxd5 33. Qe6 (
33. f3 Nf6 34. Ne6 $1 $18 (34. Qe6)) 33... Qxe6 34. Nxe6 Nf6 $6 (34... Kh7 35.
Kf1 Nf6 (35... Kg8 $2 36. Nf4 $18) 36. Ke2 Kg8 37. Kf3 b6 38. Kf4 $16) 35. f3
Kh7 36. Kf2 Kg8 37. Ke3 b6 38. Kf4 Kf7 39. Nd8+ Ke8 40. Nc6 1-0